[Event "Polanica Zdroj op-B 45th"]
[Site "Polanica Zdroj"]
[Date "2009.08.24"]
[Round "7"]
[White "Graczyk, Damian"]
[Black "Reichert, Jakub"]
[Result "1-0"]
[WhiteElo "1890"]
[BlackElo "1760"]
[PlyCount "50"]
[EventDate "2009.08.18"]
[EventType "swiss"]
[EventRounds "10"]
[EventCountry "POL"]
[SourceTitle "CBM 131 Extra"]
[Source "ChessBase"]
[SourceDate "2009.09.03"]
[SourceVersion "2"]
[SourceVersionDate "2009.09.16"]
[SourceQuality "1"]

1. c4 e6 2. g3 d5 3. Bg2 Nf6 4. Nf3 c5 5. 0-0 Nc6 6. cxd5 exd5 7. d4 Be7 8. Nc3 0-0 9. dxc5 Be6 10. a3 Bxc5 11. b4 Bd6 12. Bb2 Rc8 13. Rc1 Re8 14. e3 Bb8 15. Nd4 Qd7 16. Nxc6 Rxc6 17. Qd2 Bh3 18. Bxh3 Qxh3 19. Nxd5 Ne4 20. Qd4 Be5 21. Ne7+ Kf8 22. Qxe5 Rh6 23. Qxg7+ Kxe7 24. Qe5+ Kf8 25. Qg7+ Ke7 1-0

[Event "Pszczyna op"]
[Site "Pszczyna"]
[Date "2009.07.16"]
[Round "4"]
[White "Sowa, Bernard"]
[Black "Reichert, Jakub"]
[Result "1-0"]
[WhiteElo "1917"]
[BlackElo "1760"]
[PlyCount "105"]
[EventDate "2009.07.14"]
[EventType "swiss"]
[EventRounds "9"]
[EventCountry "POL"]
[SourceTitle "CBM 131 Extra"]
[Source "ChessBase"]
[SourceDate "2009.09.03"]
[SourceVersion "2"]
[SourceVersionDate "2009.09.16"]
[SourceQuality "1"]

1. e4 c6 2. d4 d5 3. Nc3 dxe4 4. Nxe4 Nf6 5. Nxf6+ exf6 6. c3 Be6 7. Bd3 Bd6 8. Ne2 Qc7 9. Ng3 Nd7 10. Nf5 Bxf5 11. Bxf5 0-0-0 12. Be3 g6 13. Bxd7+ Rxd7 14. Qe2 a6 15. 0-0-0 Bf4 16. Qc2 Re8 17. Bxf4 Qxf4+ 18. Qd2 Qxd2+ 19. Rxd2 Rde7 20. Kc2 Re2 21. Rhd1 Kc7 22. Rxe2 Rxe2+ 23. Rd2 Rxd2+ 24. Kxd2 b5 25. Kd3 Kd6 26. Ke4 h5 27. b3 f5+ 28. Kd3 h4 29. a4 g5 30. axb5 axb5 31. c4 f6 32. h3 bxc4+ 33. bxc4 Ke6 34. f4 Kd6 35. Kc3 g4 36. Kb3 Kc7 37. Kb4 Kb6 38. c5+ Kc7 39. Kc4 g3 40. d5 cxd5+ 41. Kxd5 Kd7 42. c6+ Kc7 43. Kc5 Kc8 44. Kd6 Kd8 45. Ke6 Kc7 46. Kxf6 Kxc6 47. Kxf5 Kd5 48. Kg5 Ke4 49. f5 Ke3 50. f6 Kf2 51. f7 Kxg2 52. Kxh4 Kh2 53. f8Q 1-0

[Event "Pszczyna op"]
[Site "Pszczyna"]
[Date "2009.07.14"]
[Round "1"]
[White "Reichert, Jakub"]
[Black "Wiewiora, Eneasz"]
[Result "1/2-1/2"]
[WhiteElo "1760"]
[BlackElo "2056"]
[PlyCount "63"]
[EventDate "2009.07.14"]
[EventType "swiss"]
[EventRounds "9"]
[EventCountry "POL"]
[SourceTitle "CBM 131 Extra"]
[Source "ChessBase"]
[SourceDate "2009.09.03"]
[SourceVersion "2"]
[SourceVersionDate "2009.09.16"]
[SourceQuality "1"]

1. d4 Nf6 2. c4 g6 3. Nc3 Bg7 4. e4 0-0 5. f4 d6 6. Nf3 c5 7. d5 e6 8. Be2 exd5 9. exd5 Re8 10. 0-0 Bf5 11. Bd3 Ne4 12. Qc2 Nxc3 13. bxc3 Bxd3 14. Qxd3 Nd7 15. Bd2 Nf6 16. f5 Ne4 17. fxg6 hxg6 18. Rae1 f5 19. Ng5 Nxg5 20. Rxe8+ Qxe8 21. Bxg5 Be5 22. Bf4 Bxf4 23. Rxf4 Qe5 24. Qg3 Kf7 25. Rh4 Qxg3 26. hxg3 Kg7 27. Rf4 Re8 28. Kf2 Re5 29. g4 fxg4 30. Rxg4 g5 31. Kf3 Kf6 32. Re4 1/2-1/2

[Event "POL-chT4 Slaskie"]
[Site "Poland"]
[Date "2008.04.13"]
[Round "5.21"]
[White "Reichert, Jakub"]
[Black "Czornik, Janusz"]
[Result "1-0"]
[WhiteElo "1753"]
[BlackElo "1709"]
[PlyCount "61"]
[EventDate "2008.02.10"]
[EventType "team-swiss"]
[EventRounds "9"]
[EventCountry "POL"]
[SourceTitle "EXT 2019"]
[Source "ChessBase"]
[SourceDate "2018.10.10"]
[SourceVersion "1"]
[SourceVersionDate "2018.10.10"]
[SourceQuality "1"]

1. c4 c5 2. Nc3 Nc6 3. Nf3 d6 4. d3 g6 5. g3 Bg7 6. Bg2 Nf6 7. 0-0 0-0 8. Bd2 Bd7 9. Qc1 a6 10. a4 Qc7 11. Bh6 Nb4 12. h3 Bc6 13. Bxg7 Kxg7 14. Na2 Qb6 15. Qc3 a5 16. b3 Nxa2 17. Rxa2 e5 18. Nh4 Nd7 19. f4 Bxg2 20. Kxg2 f6 21. e4 Qc7 22. f5 g5 23. Nf3 Nb8 24. g4 Nc6 25. Qd2 h6 26. h4 Qe7 27. Rh1 Rh8 28. Raa1 b6 29. Rh3 Nd4 30. Nxd4 cxd4 31. Rah1 1-0

[Event "Rewal op-B 12th"]
[Site "Rewal"]
[Date "2007.08.29"]
[Round "9"]
[White "Czachor, Grzegorz"]
[Black "Reichert, Jakub"]
[Result "1-0"]
[WhiteElo "2029"]
[BlackElo "1721"]
[PlyCount "79"]
[EventDate "2007.08.23"]
[EventType "swiss"]
[EventRounds "9"]
[EventCountry "POL"]
[SourceTitle "CBM 120 Extra"]
[Source "ChessBase"]
[SourceDate "2007.11.01"]
[SourceVersion "1"]
[SourceVersionDate "2007.11.01"]
[SourceQuality "1"]

1. e4 c6 2. d4 d5 3. Nc3 dxe4 4. Nxe4 Bf5 5. Ng3 Bg6 6. Nf3 e6 7. h4 h6 8. Ne5 Bh7 9. Bc4 Nf6 10. Qe2 Nd5 11. Bb3 Nd7 12. Bd2 Qc7 13. 0-0-0 N7f6 14. c4 Nb4 15. c5 Nbd5 16. f3 0-0-0 17. h5 g5 18. hxg6 fxg6 19. Bxh6 Bxh6+ 20. Rxh6 Nf4 21. Qd2 N6d5 22. Ne4 g5 23. g3 Bxe4 24. Rxh8 Rxh8 25. fxe4 Nc3 26. gxf4 Nxd1 27. Bxe6+ Kb8 28. Kxd1 Rh1+ 29. Kc2 Qh7 30. Bf5 Qh4 31. Ng4 gxf4 32. Qxf4+ Ka8 33. Qc7 a6 34. Bc8 Rc1+ 35. Kb3 Qh3+ 36. Ka4 Rc4+ 37. b4 b5+ 38. cxb6 Rxb4+ 39. Kxb4 a5+ 40. Ka4 1-0

[Event "POL-chT3 U19 Slaska"]
[Site "Slask"]
[Date "2007.05.20"]
[Round "9.19"]
[White "Kielar, Maciej"]
[Black "Reichert, Jakub"]
[Result "1-0"]
[WhiteElo "1940"]
[BlackElo "1800"]
[PlyCount "125"]
[EventDate "2007.01.27"]
[EventType "team-tourn"]
[EventRounds "11"]
[EventCountry "POL"]
[SourceTitle "EXT 2019"]
[Source "ChessBase"]
[SourceDate "2018.10.10"]
[SourceVersion "1"]
[SourceVersionDate "2018.10.10"]
[SourceQuality "1"]
[WhiteTeam "Katowice UKS Palac Mlodziezy U19"]
[BlackTeam "Tychy Jedynka U19"]
[WhiteTeamCountry "POL"]
[BlackTeamCountry "POL"]

1. e4 c6 2. d4 d5 3. Nc3 dxe4 4. Nxe4 Bf5 5. Ng3 Bg6 6. Nf3 Nd7 7. h4 h6 8. h5 Bh7 9. Bd3 Bxd3 10. Qxd3 e6 11. Bf4 Qa5+ 12. c3 Ngf6 13. Nd2 Nd5 14. Ne2 Nxf4 15. Nxf4 Qc7 16. Qf3 Bd6 17. Nd3 Nb6 18. Ne4 Rd8 19. Rh3 Qe7 20. Nxd6+ Rxd6 21. Rg3 0-0 22. 0-0-0 Rd5 23. Ne5 Nd7 24. Qg4 Qf6 25. Nxd7 Rxd7 26. Rdd3 Rd5 27. Rdf3 Qg5+ 28. Qxg5 Rxg5 29. Rxg5 hxg5 30. Rg3 f6 31. Re3 Kf7 32. g4 Rd8 33. Kc2 a5 34. Kb3 Rd5 35. Ka4 b6 36. f3 Rd7 37. a3 Ra7 38. Kb3 Rd7 39. a4 Ke7 40. Kc4 Rd5 41. Re1 Rd8 42. b4 axb4 43. cxb4 Ra8 44. Kb3 Kd6 45. Ra1 b5 46. a5 Kc7 47. Kc3 Rf8 48. Re1 Kd7 49. Kd3 Re8 50. Rc1 Kd6 51. Ke4 Rf8 52. Rc5 e5 53. d5 cxd5+ 54. Rxd5+ Ke6 55. Rxb5 Rd8 56. Rb6+ Kf7 57. a6 Rd4+ 58. Ke3 Rc4 59. a7 Rc3+ 60. Ke4 Ra3 61. Rb7+ Ke6 62. b5 Ra4+ 63. Ke3 1-0

[Event "POL-chT3 U19 Slaska"]
[Site "Slask"]
[Date "2007.05.20"]
[Round "10.13"]
[White "Reichert, Jakub"]
[Black "Walentukiewicz, Michal"]
[Result "0-1"]
[WhiteElo "1800"]
[BlackElo "2188"]
[PlyCount "68"]
[EventDate "2007.01.27"]
[EventType "team-tourn"]
[EventRounds "11"]
[EventCountry "POL"]
[SourceTitle "EXT 2019"]
[Source "ChessBase"]
[SourceDate "2018.10.10"]
[SourceVersion "1"]
[SourceVersionDate "2018.10.10"]
[SourceQuality "1"]
[WhiteTeam "Tychy Jedynka U19"]
[BlackTeam "Katowice Hetman Szopienice U19"]
[WhiteTeamCountry "POL"]
[BlackTeamCountry "POL"]

1. c4 g6 2. Nc3 Bg7 3. d4 d6 4. e4 Nf6 5. f4 0-0 6. Nf3 Bg4 7. Be3 c6 8. Bd3 a6 9. a4 Nbd7 10. 0-0 e5 11. d5 cxd5 12. cxd5 exf4 13. Bxf4 Qb6+ 14. Rf2 Nh5 15. a5 Qc5 16. Na4 Qa7 17. Qd2 Bd4 18. Nxd4 Nxf4 19. Qxf4 Qxd4 20. Qxg4 Ne5 21. Qd1 Nxd3 22. Qe2 Nxf2 23. Qxf2 Qxe4 24. Ra3 Qxd5 25. Nc3 Qc6 26. Kh1 Rae8 27. h3 Re5 28. Ra4 Rfe8 29. Rf4 R8e7 30. Qh4 d5 31. Qf2 Qd6 32. g3 Re1+ 33. Kg2 d4 34. Rf6 Qe5 0-1